000 00757nam a2200205 a 4500
003 0
005 20250509155401.0
008 021107s19uu xx 00 eng d
050 _aPGS LC 4019.3
_b.Ar795 2002
100 _aArvisu, Monica.
245 _aPerceptions of grade 6 Southville International School students on diabetes /
_cMonica Arvisu.
260 _aLas PiƱas City, Philippines :
_bSouthville International School and Colleges,
_c2002.
300 _a28 pages :
_billustrations ;
_c28 cm.
504 _aIncludes bibliographical references.
650 _aDiabetes in children.
650 _aStudents with disabilities
_vSocial conditions.
650 _aPeer acceptance in children.
650 _aInclusion in education.
942 _2lcc
_cPASS
999 _c96596
_d96596